El puerto de bahía blanca /
Guardado en:
| Autor Principal: | |
|---|---|
| Formato: | Libro |
| Publicado: |
Bahía Blanca :
Asociación de Amigos de Bahía Blanca,
1941
|
| Materias: | |
| Etiquetas: |
Agregar Etiqueta
usado
1
|
| LEADER | 00869nam a22001815a 4500 | ||
|---|---|---|---|
| 001 | CEM.cems018113 | ||
| 005 | 20131029100418.0 | ||
| 008 | 130507s1941##################000#0#####d | ||
| 003 | CEMS | ||
| 082 | 0 | 4 | |a FC982.21 |
| 100 | 1 | |a Ortiz, Ricardo M. | |
| 245 | 1 | 0 | |a El puerto de bahía blanca / |c Ricardo M. Ortiz |
| 260 | |a Bahía Blanca : |b Asociación de Amigos de Bahía Blanca, |c 1941 | ||
| 300 | |a 16 p. | ||
| 505 | 0 | |a Extensión de la zona económica -- Capacidad productiva de la región -- Un análisis de las series estadísticas -- El puerto de ultramar -- El tráfico a puerto, ferrocarriles y caminos -- El cabotaje, vinculo de la importación -- Posibilidades de expansión del puerto nacional -- El exterior y el mercado patagónico | |
| 653 | |a Puerto de bahía blanca | ||
| 653 | |a Bahía blanca-puerto | ||
| 859 | |a CEMS |b BIB. CEMS - Agricultura |h FC982.21 |i Or85 |p A0054.44 |t Ej.1 | ||
